Stresszhatások az idősellátásban dolgozóknál, kiégés prevenció
| Szerző: | |
|---|---|
| További közreműködők: | |
| Dokumentumtípus: | Záródolgozat |
| Kulcsszavak: | cooping idősellátás jóllét kiégés stessz |
| Online Access: | http://dolgozattar.uni-bge.hu/59515 |
MARC
| LEADER | 00000nta a2200000 i 4500 | ||
|---|---|---|---|
| 001 | dolg59515 | ||
| 005 | 20260409145154.0 | ||
| 008 | 260409suuuu hu o 000 hun d | ||
| 040 | |a BGE Dolgozattár Repozitórium |b hun | ||
| 041 | |a hu | ||
| 100 | 1 | |a Szőke Istvánné | |
| 245 | 1 | 0 | |a Stresszhatások az idősellátásban dolgozóknál, kiégés prevenció |c Szőke Istvánné |h [elektronikus dokumentum] |
| 516 | |a Final_paper | ||
| 520 | 3 | |a A szociális szféra idősellátásban dolgozói számottevő érzelmi, mentális, akár fizikai megterhelésnek teszik ki magukat. A dolgozatom célja feltárni, hogy a stressz és a kiégés milyen mértékben sújtja az érintett munkavállalókat, illetve milyen megküzdési, megelőzési stratégiák alkalmazhatóak a jóllétük fenntartása érdekében. A kutatás központi eleme az a feltételezés, hogy a dolgozók nagy része nem tulajdonít jelentőséget a stressznek jóllétük elérése érdekében, sajnos nem ismerik fel annak hosszú távú hatását a saját mentális egészségükre. A dolgozat bemutatja a stressz és a kiégés hátterét, különös figyelmet fordít a tartós stressz következményeire, amelyek – kezeletlenül – a kiégés szindróma kialakulásához vezethetnek. A vizsgálat módszertani alapját kvantitatív adatgyűjtés képezte: kérdőíves felmérés segítségével 100 fő idősellátásban dolgozó véleményét gyűjtöttem össze. Az eredmények többek között rámutattak arra, hogy a megkérdezettek 94%-át érzelmileg megviseli a gondozottak halála, ami krónikus stresszforrásként hat, és fokozza a kiégés kockázatát. A kutatás szerint a munkavállalók jelentős része hajlamos alábecsülni a stressz és a jóllét közötti összefüggést. A dolgozat a kiégés prevenciójának lehetőségeit is tárgyalja, valamint végső következtetése az, hogy a leghatékonyabb kiégés prevenció a jóllét megőrzése, ami csak hatékony stresszkezeléssel lehetséges. | |
| 695 | |a cooping | ||
| 695 | |a idősellátás | ||
| 695 | |a jóllét | ||
| 695 | |a kiégés | ||
| 695 | |a stessz | ||
| 700 | 1 | |a Gruber Mónika |e ths | |
| 856 | 4 | 0 | |u http://dolgozattar.uni-bge.hu/59515/1/Stresszhat%C3%A1sok%20az%20id%C5%91sell%C3%A1t%C3%A1sban%20dolgoz%C3%B3kn%C3%A1l%20ki%C3%A9g%C3%A9s%20prev.pdf |z Dokumentum-elérés |
| 856 | 4 | 0 | |u http://dolgozattar.uni-bge.hu/59515/2/Sz%C5%91ke%20Istv%C3%A1nn%C3%A9%20b%C3%ADr%C3%A1lati%20lap%202025-%20Gruber%20.pdf |z Dokumentum-elérés |
| 856 | 4 | 0 | |u http://dolgozattar.uni-bge.hu/59515/3/Szoke_Istvanne_Mental_kepzes_VJ.pdf |z Dokumentum-elérés |